Statistiques concernant Top 15 des pays avec les décès de Covid-19 - 11 décembre

Cliquez ici pour prendre le quiz!

Statistiques générales

  • Ce quiz a été pris 15 fois
  • Le résultat moyen est 11 sur 21

Statistiques - réponses

pays% Correct
Etats-Unis
100%
France
92%
Italie
85%
Brésil
77%
Russie
77%
Argentine
69%
Espagne
69%
Royaume-Uni
69%
Belgique
62%
Colombie
54%
Inde
46%
Mexique
46%
Iran
38%
Pérou
38%
Pologne
38%
Afrique du Sud
31%
Bosnie-Herzégovine
15%
Macédoine du Nord
15%
Slovénie
15%
Arménie
8%
Tchèquie
8%

Distribution des résultats

Percentile par nombre de réponses

% des personnes avec chaque résultat

Votre développement - résultats

Vous n’avez pas pris ce quiz